书目信息 |
| 题名: |
碧水蓝天中的百姓环境权益
|
|
| 作者: | 秦天宝 , 曾东 编著 | |
| 分册: | ||
| 出版信息: | 武汉 武汉大学出版社 2007.10 |
|
| 页数: | 221页 | |
| 开本: | 23cm | |
| 丛书名: | 法律与现代生活丛书 | |
| 单 册: | ||
| 中图分类: | D922.684 | |
| 科图分类: | ||
| 主题词: | 环境保护法--huan jing bao hu fa--基本知识--中国 | |
| 电子资源: | ||
| ISBN: | 978-7-307-05822-4 | |
| 000 | 01138nam 2200277 450 | |
| 001 | 012008864772 | |
| 005 | 20080807155324.39 | |
| 010 | @a978-7-307-05822-4@dCNY18.00 | |
| 100 | @a20080807d2007 em y0chiy0120 ea | |
| 101 | 0 | @achi |
| 102 | @aCN@b420000 | |
| 105 | @aa z 000yy | |
| 106 | @ar | |
| 200 | 1 | @a碧水蓝天中的百姓环境权益@Abi shui lan tian zhong de bai xing huan jing quan yi@e生活中的环境法@f秦天宝, 曾东编著@Fqin tian bao,ceng dong bian zhu |
| 210 | @a武汉@c武汉大学出版社@d2007.10 | |
| 215 | @a221页@c图@d23cm | |
| 225 | 2 | @a法律与现代生活丛书@Afa lu yu xian dai sheng huo cong shu |
| 330 | @a本书介绍生活中的环境法基本知识。全书共为七个部分,主要包括了:生活中环境权益的一般规则、水与百姓环境权益、大气环境与百姓环境权益、噪声与百姓环境权益、自然资源与百姓环境权益等。 | |
| 410 | 0 | @12001 @a法律与现代生活丛书 |
| 517 | 1 | @a生活中的环境法@Asheng huo zhong de huan jing fa |
| 606 | 0 | @a环境保护法@Ahuan jing bao hu fa@x基本知识@y中国 |
| 690 | @aD922.684@v4 | |
| 701 | 0 | @a秦天宝@Aqin tian bao@4编著 |
| 701 | 0 | @a曾东@Aceng dong@4编著 |
| 801 | 0 | @aCN@bQSSK@c20080807 |
| 905 | @b732564-66@dD922.684@eQ430@f3 | |
| 碧水蓝天中的百姓环境权益:生活中的环境法/秦天宝, 曾东编著.-武汉:武汉大学出版社,2007.10 |
| 221页:图;23cm.-(法律与现代生活丛书) |
| ISBN 978-7-307-05822-4:CNY18.00 |
| 本书介绍生活中的环境法基本知识。全书共为七个部分,主要包括了:生活中环境权益的一般规则、水与百姓环境权益、大气环境与百姓环境权益、噪声与百姓环境权益、自然资源与百姓环境权益等。 |
| ● |
| 相关链接 |
|
|
|
正题名:碧水蓝天中的百姓环境权益
索取号:D922.684/Q430
 
预约/预借
| 序号 | 登录号 | 条形码 | 馆藏地/架位号 | 状态 | 备注 |
| 1 | 732564 | 207325642 | 社科库509/509社科库 90排6列1层/ [索取号:D922.684/Q430] | 在馆 | |
| 2 | 732565 | 207325651 | 社科库509/509社科库 90排6列1层/ [索取号:D922.684/Q430] | 在馆 | |
| 3 | 732566 | 207325660 | 社科库509/509社科库 90排6列1层/ [索取号:D922.684/Q430] | 在馆 |